Revoluciones de Roma que causaron la destitución del papa Pío VI como soberano temporal, y el establecimiento de la última República Romana, así como la conquista de aquella parte de Italia por los franceses mandados por Napoleón, y relación de la política de España y de los sucesos de Francia posteriores a estos acontecimientos (Record no. 22163)
[ view plain ]
| 000 -LEADER | |
|---|---|
| campo de control de longitud fija | 01711nam a2200289 i 4500 |
| 001 - NÚMERO DE CONTROL | |
| campo de control | 22163 |
| 003 - IDENTIFICADOR DE NÚMERO DE CONTROL | |
| campo de control | ES-MaACL |
| 005 - FECHA Y HORA DE LA ÚLTIMA TRANSACCIÓN | |
| campo de control | 20260201161306.0 |
| 007 - CAMPO FIJO DE DESCRIPCIÓN FÍSICA--INFORMACIÓN GENERAL | |
| campo de control de longitud fija | t| |
| 008 - DATOS DE LONGITUD FIJA--INFORMACIÓN GENERAL | |
| campo de control de longitud fija | 021220s1847 sp f ||||1|dspa d |
| 100 1# - ENTRADA PRINCIPAL--NOMBRE DE PERSONA | |
| Nombre de persona | Azara, José Nicolás de, |
| Fechas asociadas al nombre | 1730-1804 |
| 9 (RLIN) | 24235 |
| 245 10 - MENCIÓN DEL TÍTULO | |
| Título | Revoluciones de Roma que causaron la destitución del papa Pío VI como soberano temporal, y el establecimiento de la última República Romana, así como la conquista de aquella parte de Italia por los franceses mandados por Napoleón, y relación de la política de España y de los sucesos de Francia posteriores a estos acontecimientos |
| Resto del título | memorias originales del... Sr. D. José Nicolás de Azara / |
| Mención de responsabilidad, etc. | obra póstuma que publica su sobrino el Sr. D. Agustín de Azara ; bajo la dirección de Basilio Sebastián Castellanos de Losada. |
| 246 34 - FORMA VARIANTE DEL TITULO | |
| Texto de visualización | Tít. de anteport. |
| Título propio/Titulo breve | Memorias del Escmo. Sr. D. José Nicolás de Azara, primer marqués de Nibbiano |
| 260 ## - PUBLICACIÓN, DISTRIBUCIÓN, ETC. | |
| Lugar de publicación, distribución, etc. | Madrid : |
| Nombre del editor, distribuidor, etc. | [s.n.], |
| Fecha de publicación, distribución, etc. | 1847 ( |
| Fabricante | Imp. de Sánchiz) |
| 300 ## - DESCRIPCIÓN FÍSICA | |
| Extensión | VII, 339 p., [1] h. de lám ; |
| Dimensiones | 21 cm. |
| 530 ## - NOTA DISPONIBLE DE FORMULARIO FÍSICO ADICIONAL | |
| Nota de formato físico adicional disponible | Disponible en formato digital. |
| 599 ## - NOTA A LAS ILUSTRACIONES | |
| NOTA A LAS ILUSTRACIONES | Retr. del autor. |
| 600 14 - PUNTO DE ACCESO ADICIONAL DE MATERIA--NOMBRE DE PERSONA | |
| Nombre de persona | Azara, José Nicolás de, |
| Fechas asociadas al nombre | 1730-1804 |
| 9 (RLIN) | 24235 |
| 650 #4 - PUNTO DE ACCESO ADICIONAL DE MATERIA--TÉRMINO DE MATERIA | |
| Término de materia o nombre geográfico como elemento de entrada | Guerra de la Primera Coalición, 1792-1797- |
| Subdivisión general | Campañas- |
| Subdivisión geográfica | Italia. |
| 9 (RLIN) | 153309 |
| 651 #4 - PUNTO DE ACCESO ADICIONAL DE MATERIA--NOMBRE GEOGRÁFICO | |
| Nombre geográfico | Francia- |
| Subdivisión general | Historia- |
| Subdivisión cronológica | 1789-1799, Revolución- |
| Subdivisión de forma | Relatos personales. |
| 9 (RLIN) | 155372 |
| 651 #4 - PUNTO DE ACCESO ADICIONAL DE MATERIA--NOMBRE GEOGRÁFICO | |
| Nombre geográfico | Italia- |
| Subdivisión general | Historia- |
| Subdivisión cronológica | 1789-1815. |
| 9 (RLIN) | 8867 |
| 700 1# - ENTRADA AGREGADA--NOMBRE PERSONAL | |
| Nombre de persona | Azara, Agustín de, |
| Fechas asociadas al nombre | 1801- |
| 9 (RLIN) | 155373 |
| 700 1# - ENTRADA AGREGADA--NOMBRE PERSONAL | |
| Nombre de persona | Castellanos de Losada, Basilio Sebastián, |
| Fechas asociadas al nombre | 1807-1891 |
| 9 (RLIN) | 36540 |
| 852 ## - LOCALIZACIÓN | |
| Ubicación | ES-MaACL |
| Número de control de estantería | T-26-F-2 |
| 856 ## - LOCALIZACIÓN Y ACCESO ELECTRÓNICOS | |
| Identificador Uniforme de Recursos | <a href="http://bdh-rd.bne.es/viewer.vm?id=0000244261&page=1 ">http://bdh-rd.bne.es/viewer.vm?id=0000244261&page=1 </a> |
| Nota pública | Biblioteca Digital Hispánica |
| Estatus retirado | Estado de pérdida | Estado de daño | No para préstamo | Colección | Biblioteca de origen | Biblioteca actual | Ubicación en estantería | Fecha de adquisición | Fuente de adquisición | Total de préstamos | Signatura topográfica completa | Código de barras | Visto por última vez | Precio de reemplazo | Tipo de ítem Koha |
|---|---|---|---|---|---|---|---|---|---|---|---|---|---|---|---|
| Colección de folletos | Biblioteca del Ateneo de Madrid | Biblioteca del Ateneo de Madrid | Depósito folletos | 17/01/2008 | T-26-F-2 | 1022798 | 23/02/2023 | 23/02/2023 | Folleto |
